লোডিং...

Information work with unpublished reports

গ্রন্থ-পঞ্জীর বিবরন
প্রধান লেখক: Holloway, A .H
অন্যান্য লেখক: Ridler, Elizabeth H., Yates, B.
বিন্যাস: Printed Book
ভাষা:English
প্রকাশিত: London A grafton books 1976
মালা:Institute of information scientists monograph series
বিষয়গুলি:
LEADER 00657nam a22001937a 4500
005 20151026130431.0
008 100318t xxu||||| |||| 00| 0 eng d
080 |a 002:007  |b HOL 
100 |a Holloway, A .H.  |9 11296 
245 |a Information work with unpublished reports 
260 |a London  |b A grafton books  |c 1976  |9 11297 
300 |a 302p. 
490 |a Institute of information scientists monograph series 
653 |a Documentation 
700 |a Ridler, Elizabeth H.  |9 11298 
700 |a Yates, B.  |9 11299 
942 |c BK  |6 _ 
999 |c 5285  |d 5285 
952 |0 0  |1 0  |2 udc  |4 0  |6 002007_HOL  |7 0  |9 16655  |a UL  |b UL  |d 2010-03-18  |o 002:007 HOL  |p 00015993  |r 2010-03-18  |w 2010-03-18  |y BK